|
|
|
|
| LEADER |
01566nam a22003137a 4500 |
| 001 |
33274 |
| 003 |
BD-DhAAL |
| 005 |
20250625120639.0 |
| 008 |
180708t2003 enka|||| |||| 001 0 eng d |
| 020 |
|
|
|a 9781843094463
|
| 020 |
|
|
|a 1843094460
|
| 040 |
|
|
|a BD-DhAAL
|d BD-DhAAL
|
| 082 |
|
|
|a 635.0321
|2 19
|
| 100 |
|
|
|a Mikolajski, Andrew.
|9 26721
|
| 245 |
|
|
|a Perfect plants for your garden :
|b choosing the best plants for your garden, with an A-Z directory and cultivation notes /
|c Andrew Mikolajski and John Swithinbank.
|
| 246 |
|
|
|a Choosing the best plants for your garden, with an A-Z directory and cultivation notes
|
| 260 |
|
|
|a London :
|b Hermes House,
|c c2003.
|
| 300 |
|
|
|a 256 pages :
|b color illustrations ;
|c 23 cm.
|
| 500 |
|
|
|a Includes index
Previously published as An Encyclopedia of Garden Plants by Anness Publishing, London, 2001--t.p. verso.
First published 2001
|
| 526 |
|
|
|a ARC
|
| 541 |
|
|
|a Department of Architecture
|e 33274
|
| 650 |
|
|
|a Gardening
|x Encyclopedias.
|9 26722
|
| 650 |
|
|
|a Plants, Cultivated
|x Encyclopedias.
|9 26723
|
| 650 |
|
|
|a Plants, Ornamental
|x Encyclopedias.
|9 26724
|
| 700 |
|
|
|a Swithinbank, John.
|9 26725
|
| 852 |
|
|
|a Department of Architecture
|c General Stacks
|
| 942 |
|
|
|2 ddc
|c BK
|
| 999 |
|
|
|c 39606
|d 39606
|
| 952 |
|
|
|0 0
|1 1
|2 ddc
|4 0
|6 635_032100000000000_MIK
|7 0
|9 63624
|a ARC
|b ARC
|c GEN
|d 2018-07-08
|e Department of Architecture
|l 0
|o 635.0321 MIK
|p 3010033274
|r 2018-07-08
|t 1
|w 2018-07-08
|y BK
|x lost from the ARC department library and approved by the Dean (reasons personal books withdrawn by Hasibul Kabir Sir and Building shifting)
|